Towards a European contract law (Record no. 132319)
[ view plain ]
| 000 -LEADER | |
|---|---|
| fixed length control field | 01416nam a2200313 a 4500 |
| 245 00 - TITLE STATEMENT | |
| Title | Towards a European contract law |
| 260 ## - PUBLICATION, DISTRIBUTION, ETC. (IMPRINT) | |
| Place of publication | Munich : |
| Name of publisher | Sellier European Law Publishers, |
| Year of publication | 2011. |
| 300 ## - PHYSICAL DESCRIPTION | |
| Number of Pages | xiii, 279 p. |
| 505 0# - FORMATTED CONTENTS NOTE | |
| Formatted contents note | pt. 1. Introduction -- pt. 2. Scope and function -- pt. 3. Pre-contractual duties -- pt. 4. Formation -- pt. 5. Unfairness and non-negotiated terms -- pt. 6. Performance and remedies -- pt. 7. Panel discussion -- pt. 8. Future perspectives. |
| 650 #0 - SUBJECT ADDED ENTRY--TOPICAL TERM | |
| Topical Term | Contracts |
| 700 1# - ADDED ENTRY--PERSONAL NAME | |
| Personal name | Schulze, Reiner. |
| Personal name | Stuyck, Julien. |
| 856 40 - ELECTRONIC LOCATION AND ACCESS | |
| Uniform Resource Identifier | http://site.ebrary.com/lib/rucke/Doc?id=10498747 |
No items available.
